[Event "14. Festival de Chambery - Master"]
[Site "Chambéry"]
[Date "2008.08.08"]
[Round "7.4"]
[White "Brunner, Nicolas"]
[Black "Ivanov, Mikhail M"]
[Result "0-1"]
[WhiteElo "2429"]
[BlackElo "2489"]
[PlyCount "94"]
[EventDate "2008.08.02"]
[EventType "tourn"]
[EventRounds "9"]
[EventCountry "FRA"]
[EventCategory "9"]
[Source "lmi"]
[SourceDate "2008.08.02"]

1. d4 Nf6 2. c4 g6 3. Nc3 Bg7 4. e4 d6 5. Nf3 O-O 6. Be2 c5 7. O-O Nc6 8. d5
Na5 9. Bg5 h6 10. Bd2 e5 11. a3 b6 12. Ne1 Bd7 13. Qc2 Qc7 14. g3 Rae8 15. Ng2
Nh7 16. Bd3 Bh3 17. Rae1 Qd7 18. Bc1 f5 19. f4 exf4 20. gxf4 Bd4+ 21. Kh1 Nf6
22. exf5 Rxe1 23. Rxe1 Bxf5 24. Nd1 Bxd3 25. Qxd3 Qf5 26. Qxf5 gxf5 27. Nh4 Ne4
28. Nxf5 Rxf5 29. Rxe4 Nxc4 30. Re8+ Kf7 31. Ra8 Rxd5 32. Rxa7+ Kg6 33. Re7
Bxb2 34. Nxb2 Nxb2 35. Bxb2 Rd1+ 36. Kg2 Rd2+ 37. Kg3 Rxb2 38. Re6+ Kf5 39.
Rxd6 Rb3+ 40. Kh4 Kxf4 41. Rxh6 c4 42. Rc6 c3 43. a4 Ke3 44. Kg4 Kd2 45. Rd6+
Kc1 46. h4 c2 47. h5 Kb1 0-1

[Event "14. Festival de Chambery - Master"]
[Site "Chambéry"]
[Date "2008.08.09"]
[Round "8.1"]
[White "Olivier, Jean-Christophe"]
[Black "Luther, Thomas"]
[Result "1/2-1/2"]
[WhiteElo "2358"]
[BlackElo "2570"]
[PlyCount "60"]
[EventDate "2008.08.02"]
[EventType "tourn"]
[EventRounds "9"]
[EventCountry "FRA"]
[EventCategory "9"]
[Source "lmi"]
[SourceDate "2008.08.02"]

1. e4 c5 2. Nf3 e6 3. d4 cxd4 4. Nxd4 Nf6 5. Nc3 Nc6 6. Ndb5 Bb4 7. a3 Bxc3+ 8.
Nxc3 d5 9. exd5 exd5 10. Bd3 O-O 11. O-O d4 12. Ne2 Bg4 13. Bg5 Re8 14. Re1 Qd6
15. Bxf6 Qxf6 16. Qd2 h6 17. Ng3 Rad8 18. Rxe8+ Rxe8 19. Re1 Re5 20. Re4 Be6
21. Ne2 Bf5 22. Rf4 Qe6 23. Rxf5 Rxf5 24. Bxf5 Qxf5 25. Nxd4 Nxd4 26. Qxd4 Qxc2
27. g3 a6 28. Kg2 Qc6+ 29. Kg1 g6 30. h4 h5 1/2-1/2

[Event "14. Festival de Chambery - Master"]
[Site "Chambéry"]
[Date "2008.08.09"]
[Round "8.2"]
[White "Ivanov, Mikhail M"]
[Black "Charnushevich, Aliaksei"]
[Result "1/2-1/2"]
[WhiteElo "2489"]
[BlackElo "2522"]
[PlyCount "90"]
[EventDate "2008.08.02"]
[EventType "tourn"]
[EventRounds "9"]
[EventCountry "FRA"]
[EventCategory "9"]
[Source "lmi"]
[SourceDate "2008.08.02"]

1. d4 Nf6 2. c4 e6 3. Nf3 d5 4. Bg5 Nbd7 5. e3 c6 6. Nbd2 Be7 7. Bd3 O-O 8. O-O
c5 9. cxd5 exd5 10. dxc5 Nxc5 11. Nb3 Nce4 12. Bf4 Bg4 13. h3 Bh5 14. Be2 Rc8
15. Nfd4 Bg6 16. Rc1 Qb6 17. Nb5 a6 18. Qd4 Qxd4 19. N5xd4 Bd6 20. Bxd6 Nxd6
21. Nc5 Rc7 22. Nd3 Rxc1 23. Rxc1 Bxd3 24. Bxd3 Rc8 25. Rxc8+ Nxc8 26. f3 h5
27. Kf2 Nd6 28. Nf5 Nc8 29. Ke2 g6 30. Nd4 Kf8 31. g4 hxg4 32. hxg4 Ke7 33. g5
Nd7 34. b3 Nc5 35. Kd2 Kd6 36. Bf1 Ne7 37. Bh3 Nc6 38. Kc3 Nxd4 39. Kxd4 a5 40.
f4 b5 41. Bg4 b4 42. Bf3 Ne6+ 43. Kd3 Nc5+ 44. Kd4 Ne6+ 45. Kd3 Nc5+ 1/2-1/2

[Event "14. Festival de Chambery - Master"]
[Site "Chambéry"]
[Date "2008.08.09"]
[Round "8.3"]
[White "Philippe, Christophe"]
[Black "Brunner, Nicolas"]
[Result "1/2-1/2"]
[WhiteElo "2442"]
[BlackElo "2429"]
[PlyCount "43"]
[EventDate "2008.08.02"]
[EventType "tourn"]
[EventRounds "9"]
[EventCountry "FRA"]
[EventCategory "9"]
[Source "lmi"]
[SourceDate "2008.08.02"]

1. d4 Nf6 2. c4 g6 3. Nc3 Bg7 4. e4 d6 5. f4 O-O 6. Nf3 e5 7. dxe5 dxe5 8. Nxe5
Qxd1+ 9. Kxd1 Na6 10. Be2 Rd8+ 11. Kc2 Nxe4 12. Nxe4 Bf5 13. Bf3 Nc5 14. Re1
Bxe5 15. fxe5 Rd4 16. Kc3 Rd3+ 17. Kb4 Na6+ 18. Ka5 b6+ 19. Kxa6 Bc8+ 20. Kb5
Bd7+ 21. Ka6 Bc8+ 22. Kb5 1/2-1/2

[Event "14. Festival de Chambery - Master"]
[Site "Chambéry"]
[Date "2008.08.10"]
[Round "9.1"]
[White "Horvath, Jozsef"]
[Black "Olivier, Jean-Christophe"]
[Result "1-0"]
[WhiteElo "2551"]
[BlackElo "2358"]
[PlyCount "115"]
[EventDate "2008.08.02"]
[EventType "tourn"]
[EventRounds "9"]
[EventCountry "FRA"]
[EventCategory "9"]
[Source "lmi"]
[SourceDate "2008.08.02"]

1. Nf3 d5 2. d4 Nf6 3. c4 e6 4. g3 dxc4 5. Qa4+ Nbd7 6. Bg2 a6 7. Nc3 Be7 8.
Ne5 O-O 9. Nxc4 Nd5 10. Qc2 Bf6 11. Qe4 Nc5 12. dxc5 Nxc3 13. Qc2 Nb5 14. e3
Qe7 15. Na5 Rb8 16. O-O Na3 17. Qb3 Nb5 18. Bd2 Rd8 19. Bb4 Qe8 20. Rfd1 Na7
21. Bc3 b6 22. Bxf6 gxf6 23. Nc4 Bd7 24. cxb6 cxb6 25. Nd6 Qe7 26. Nb7 Rdc8 27.
Qxb6 Bc6 28. Qxa7 Bxg2 29. Kxg2 Rxb7 30. Qxa6 Rc2 31. b3 Ra7 32. Qd3 Qb7+ 33.
e4 Raxa2 34. Rxa2 Rxa2 35. Qf3 Kf8 36. Qxf6 Qxe4+ 37. Kg1 Ra8 38. b4 Kg8 39. b5
Qg6 40. Rd8+ Rxd8 41. Qxd8+ Kg7 42. Qd4+ Kg8 43. b6 Qb1+ 44. Kg2 Qb5 45. h4 h6
46. Kg1 Qb1+ 47. Kh2 Qb5 48. Qd8+ Kg7 49. Qc7 Qe2 50. Qc3+ Kg8 51. Kg2 Qb5 52.
Qc8+ Kg7 53. b7 Qd5+ 54. f3 Qd2+ 55. Kh3 Qd3 56. b8=Q Qf1+ 57. Kg4 h5+ 58. Kf4
1-0

[Event "14. Festival de Chambery - Master"]
[Site "Chambéry"]
[Date "2008.08.??"]
[Round "9.3"]
[White "Brunner, Nicolas"]
[Black "Solodovnichenko, Yuri"]
[Result "1/2-1/2"]
[WhiteElo "2429"]
[BlackElo "2541"]
[PlyCount "106"]
[EventDate "2008.08.02"]
[EventType "tourn"]
[EventRounds "9"]
[EventCountry "FRA"]
[EventCategory "9"]
[Source "lmi"]
[SourceDate "2008.08.02"]

1. d4 g6 2. c4 Bg7 3. e4 c5 4. d5 d6 5. Nc3 Nd7 6. f4 Bxc3+ 7. bxc3 Qa5 8. Qb3
Ngf6 9. Bd3 b5 10. cxb5 a6 11. b6 Nxb6 12. Qa3 Qxa3 13. Bxa3 c4 14. Bc2 Bd7 15.
Rc1 O-O 16. Nf3 Ng4 17. Kd2 f5 18. Rb1 fxe4 19. Rxb6 exf3 20. gxf3 Nf6 21. Rb7
Rad8 22. Be4 Nxe4+ 23. fxe4 Rxf4 24. Re1 Rf2+ 25. Re2 Rf3 26. Re3 Rf2+ 27. Re2
Rf3 28. Re3 Rf7 29. e5 dxe5 30. Rxe5 Bc6 31. Rbxe7 Bxd5 32. Re8+ Rxe8 33. Rxe8+
Kg7 34. Re7 Kf6 35. Rxf7+ Bxf7 36. Ke3 Ke5 37. Be7 Be8 38. Bb4 Bc6 39. Be7 Bb5
40. Bd8 h6 41. Bc7+ Kd5 42. Kf4 g5+ 43. Kg4 Be8 44. h4 Bd7+ 45. Kg3 g4 46. a3
Ke4 47. Ba5 h5 48. Bb4 Ke3 49. Ba5 Kd3 50. Bb4 Kc2 51. Kf2 Kb3 52. Kg3 Ka4 53.
Be7 Bc6 1/2-1/2

[Event "14. Festival de Chambery - Master"]
[Site "Chambéry"]
[Date "2008.08.10"]
[Round "9.4"]
[White "Charnushevich, Aliaksei"]
[Black "Philippe, Christophe"]
[Result "1/2-1/2"]
[WhiteElo "2522"]
[BlackElo "2442"]
[PlyCount "71"]
[EventDate "2008.08.02"]
[EventType "tourn"]
[EventRounds "9"]
[EventCountry "FRA"]
[EventCategory "9"]
[Source "lmi"]
[SourceDate "2008.08.02"]

1. Nf3 f5 2. g3 Nf6 3. Bg2 g6 4. b3 Bg7 5. Bb2 d6 6. d4 O-O 7. O-O Qe8 8. Nbd2
h6 9. Nc4 g5 10. a4 f4 11. Qc1 Qh5 12. gxf4 Bh3 13. Bxh3 Qxh3 14. Ne3 Nh5 15.
fxg5 Rf4 16. Kh1 Nc6 17. Ng1 Qd7 18. Ng2 Rg4 19. e3 Rxg5 20. f4 Rg4 21. Qd1 Rf8
22. Qf3 d5 23. c4 dxc4 24. bxc4 Na5 25. Qd5+ Qxd5 26. cxd5 Nc4 27. Rf2 a6 28.
Rc2 b5 29. axb5 axb5 30. Bc1 Nf6 31. Rb1 Nd6 32. h3 Rg3 33. Kh2 Nfe4 34. Rxc7
Bf6 35. Ba3 Ra8 36. Rb3 1/2-1/2

[Event "14. Festival de Chambery - Master"]
[Site "Chambéry"]
[Date "2008.08.??"]
[Round "9.5"]
[White "Luther, Thomas"]
[Black "Ivanov, Mikhail M"]
[Result "1/2-1/2"]
[WhiteElo "2570"]
[BlackElo "2489"]
[PlyCount "52"]
[EventDate "2008.08.02"]
[EventType "tourn"]
[EventRounds "9"]
[EventCountry "FRA"]
[EventCategory "9"]
[Source "lmi"]
[SourceDate "2008.08.02"]

1. e4 e5 2. Nf3 Nc6 3. Bb5 a6 4. Ba4 Nf6 5. O-O Be7 6. Re1 b5 7. Bb3 d6 8. c3
O-O 9. h3 Na5 10. Bc2 c5 11. d4 Qc7 12. Nbd2 cxd4 13. cxd4 Nc6 14. Nb3 a5 15.
Be3 a4 16. Nbd2 Bd7 17. a3 Rfe8 18. Bd3 Qb7 19. Qe2 Bd8 20. dxe5 Nxe5 21. Nxe5
dxe5 22. Rec1 Bb6 23. b4 Rac8 24. Nf3 Bxe3 25. Qxe3 Bc6 26. Re1 Qd7 1/2-1/2